La democracia humanista

Guardat en:
Dades bibliogràfiques
Autor principal: Arzola Medina, Mario (Autor)
Format: Llibre
Idioma:espanyol
Publicat: Santiago Jurídica de Chile 1966
Col·lecció:Seminario de Derecho Público, 14
Matèries:
Etiquetes: Afegir etiqueta
Sense etiquetes, Sigues el primer a etiquetar aquest registre!

MARC

LEADER 00000nam a2200000 a 4500
001 UCT7188
003 CL-VaPUC
008 970116e19660000CL |||||||||||||||||spa|d
082 0 4 |a 320.01  |b ARZ  |2 21 
100 0 |a Arzola Medina, Mario  |e author  |9 378005 
245 1 3 |a La democracia humanista 
300 |a 106 p 
942 |c BK 
945 |d 19970116 00:00:00  |a paguirre 
260 |a Santiago  |b Jurídica de Chile  |c 1966 
650 7 |a FILOSOFIA POLITICA  |2 CL-VaPUC  |9 378006 
650 7 |a SISTEMAS POLITICOS  |2 CL-VaPUC  |9 378007 
650 0 |a Democracia  |9 255256 
650 0 |a Liberalismo  |9 255715 
650 0 |a Dictadura   |9 341206 
650 0 |a Humanismo  |9 256530 
650 0 |a Cristianismo  |9 257361 
650 7 |a REVOLUCION  |2 CL-VaPUC  |9 338298 
650 0 |a Etica política   |9 255799 
583 |a last modification  |c 19970116 00:00:00  |k Rodrigo Vera 
490 0 |a Seminario de Derecho Público, 14 
999 |c 255846  |d 255844 
952 |0 0  |1 0  |4 0  |6 320_010000000000000_ARZ_1966  |7 0  |8 A  |9 278292  |a BIBDER  |b BIBDER  |d 2019-11-19  |i 1807269  |o 320.01 ARZ 1966  |p 1807269  |r 2023-01-25  |w 2019-11-19  |y BK  |k DER